000 00582nam a22001817a 4500
003 UA-OsUOA
001 13908
007 ta
008 20030701b un ||||| |||| 00| 0 ukr d
100 _aЯщук В.
942 _cSA
040 _aUA-OsUOA
_cUA-OsUOA
_dUA-OsUOA
245 _aЖага самопізнання: Нотатки з приводу зб. П.Велесика "Сенс нестерпного польоту"
300 _aС.7
955 _a0
773 0 _w0
_tВільне слово
_dРівне
_d2003
_g№49/25 черв./
650 7 _aВелесик П.
_2UDC
999 _c300069
_d300069